000
00316nam a22001337a 4500
008
170615b xxu||||| |||| 00| 0 eng d
020
_a
2900534601323
041
_a
eng
080
_2
6TH
_a
324
100
_a
19
101
_a
SHP
245
_a
POLITICS, PARTIES AND ELECTIONS IN AMERICA
_c
BIBBY,J,F
942
_2
udc
_c
BK
999
_c
17522
_d
17522